[Event "Druzynowe Mistrzostw Polski Juniorow - II Liga"]
[Site "Wroclaw"]
[Date "1899-12-30"]
[Round "11.47"]
[White "Kicinska, Magdalena"]
[Black "Szopa, Emilia"]
[Result "1/2-1/2"]
[WhiteTitle "I++"]
[BlackTitle "I++"]
[WhiteElo "1440"]
[BlackElo "1816"]

1. d4 d5 2. Nf3 Nc6 3. c3 Nf6 4. Bg5 Ne4 5. Bh4 f6 6. Nfd2 g5 7. Nxe4 dxe4 8. Bg3
e6 9. e3 h5 10. h4 g4 11. Nd2 f5 12. Nc4 Rg8 13. Ne5 Nxe5 14. Bxe5 Bd6 15. Bxd6
Qxd6 16. g3 Bd7 17. Qb3 Qb6 18. Bc4 Rg7 19. a4 Rc8 20. Qxb6 axb6 21. b4 Ke7 22.
O-O c5 23. bxc5 bxc5 24. Bb5 Bxb5 25. axb5 Kd6 26. Rfb1 cxd4 27. cxd4 Rgc7 28.
Kf1 Rc2 29. Ke1 R8c3 30. Kf1 Rd2 31. Rc1 Rb3 32. Rab1 Ra3 33. Ra1 Rxa1 34. Rxa1
Rb2 35. Ra8 Rxb5 36. Rh8 f4 37. gxf4 Rf5 38. Rg8 b5 39. Rg5 b4 40. Rxf5 exf5 41.
Ke2 Kd5 42. Kd2 Kc4 43. Kc2 b3+ 44. Kb2 Kd3 45. d5 Ke2 46. d6 Kxf2 47. d7 g3 48.
d8=Q g2 49. Qd2+ Kg3 50. Qe1+ Kh2 51. Qe2 Kh1 52. Qxh5 g1=Q 53. Qe2 Qg7+ 54. Kxb3
Qf7+ 55. Kc2 Qc7+ 56. Kb2 1/2-1/2

[Event "Druzynowe Mistrzostw Polski Juniorow - II Liga"]
[Site "Wroclaw"]
[Date "1899-12-30"]
[Round "11.48"]
[White "Pajak, Patrycja"]
[Black "Kicinska, Anna"]
[Result "0-1"]
[WhiteTitle "I"]
[BlackTitle "I+"]
[WhiteElo "1078"]
[BlackElo "1297"]

1. d4 c5 2. d5 e6 3. c4 exd5 4. cxd5 d6 5. Nc3 Nf6 6. e4 g6 7. Bd3 Bg7 8. Nge2
O-O 9. O-O a6 10. a4 Nbd7 11. Bc2 Rb8 12. a5 Ne5 13. f3 Nc4 14. b3 Nxa5 15. Bf4
b6 16. Ra2 Ra8 17. Bd3 Nh5 18. Bd2 Bd7 19. Nb1 Bb5 20. Bxa5 bxa5 21. Na3 Qb6 22.
Nc4 Bxc4 23. Bxc4 Nf6 24. Qe1 Qb4 25. Rxa5 Rfb8 26. Qxb4 Rxb4 27. Nc1 Nd7 28.
Rxa6 Rxa6 29. Bxa6 Bb2 30. Bc4 Ne5 31. Na2 Rb6 32. Kh1 Nxc4 33. bxc4 Ra6 34. Nc3
Bxc3 35. Rc1 Bd4 36. h3 Kg7 37. Kh2 Be5+ 38. Kg1 Ra2 39. Kh1 Kf6 40. Kg1 h5 41.
Kh1 Ra1 42. Rxa1 Bxa1 43. Kg1 Ke5 44. Kf2 Kd4 45. Ke2 Kxc4 46. Kd2 Kd4 47. h4
Ke5 48. g3 f5 49. Kd3 fxe4+ 50. fxe4 Bd4 51. Kc4 Bf2 52. Kd3 Bxg3 53. Ke3 Bxh4
0-1

[Event "Druzynowe Mistrzostw Polski Juniorow - II Liga"]
[Site "Wroclaw"]
[Date "1899-12-30"]
[Round "11.49"]
[White "Kaczmarek, Jan"]
[Black "Cichon, Bartlomiej"]
[Result "1-0"]
[WhiteTitle "II+"]
[BlackTitle "I"]
[WhiteElo "1596"]
[BlackElo "1938"]

1. e4 c5 2. Nf3 d6 3. Bb5+ Nd7 4. a4 Ngf6 5. Nc3 g6 6. O-O a6 7. Bc4 Bg7 8. d4
cxd4 9. Nxd4 Ne5 10. Bb3 Nc6 11. Nxc6 bxc6 12. e5 dxe5 13. Qxd8+ Kxd8 14. Bg5
Kc7 15. Bxf7 e6 16. Bxf6 Bxf6 17. Ne4 Bd8 18. f4 Kd7 19. fxe5 Ke7 20. Rf3 Bc7
21. Ng5 Bd7 22. Raf1 Bxe5 23. Bxe6 Bxe6 24. Re1 Bf5 25. Rxe5+ Kf6 26. Nf7 h5 27.
Rexf5+ gxf5 28. Nxh8 Rxh8 29. Rc3 Rc8 30. b4 Ke5 31. Rc5+ Ke4 32. b5 axb5 33.
axb5 Rd8 34. bxc6 f4 35. c7 Rc8 36. c3 h4 37. Kf2 Kd3 38. Kf3 h3 39. gxh3 Kd2
40. h4 Ke1 41. h5 Kf1 42. h6 Kg1 43. h7 Kh1 44. h4 1-0

[Event "Druzynowe Mistrzostw Polski Juniorow - II Liga"]
[Site "Wroclaw"]
[Date "1899-12-30"]
[Round "11.50"]
[White "Bajer, Tomasz"]
[Black "Gluszynski, Michal"]
[Result "1/2-1/2"]
[WhiteTitle "II+"]
[BlackTitle "II"]
[WhiteElo "1369"]
[BlackElo "1513"]

1. Nf3 d5 2. g3 Nf6 3. Bg2 c6 4. O-O Bg4 5. d3 Nbd7 6. Nbd2 e5 7. e4 dxe4 8. Nxe4
Nxe4 9. dxe4 Bc5 10. Qd3 Qb6 11. c3 a5 12. Rb1 Rd8 13. Qc2 O-O 14. b4 axb4 15.
cxb4 Be7 16. Bb2 Bxf3 17. Bxf3 Rfe8 18. a3 Bd6 19. Rfd1 Nf8 20. Rd3 Ne6 21. Rbd1
Bc7 22. Rxd8 Rxd8 23. Rxd8+ Nxd8 24. Bg4 Bd6 25. Kg2 c5 26. bxc5 Qxc5 27. Qa4
Qc7 28. Qe8+ Bf8 29. a4 Nc6 30. Ba3 Qd8 31. Qxd8 Nxd8 32. Bb2 Bd6 33. Bc3 b6 34.
Bd7 Kf8 35. Bb5 Ne6 36. Kf1 Ke7 37. Ke2 Nc5 38. f3 f6 39. Bc6 1/2-1/2

[Event "Druzynowe Mistrzostw Polski Juniorow - II Liga"]
[Site "Wroclaw"]
[Date "1899-12-30"]
[Round "11.51"]
[White "Skrzypinski, Jan"]
[Black "Nowakowski, Maksymilian"]
[Result "1/2-1/2"]
[WhiteTitle "I"]
[BlackTitle "II+"]
[WhiteElo "1647"]
[BlackElo "1363"]

1. e4 e6 2. Qe2 d5 3. exd5 Qxd5 4. Nc3 Qd8 5. Nf3 Nf6 6. g3 b6 7. Bg2 Bb7 8. O-O
Bd6 9. Rd1 O-O 10. d4 Nbd7 11. Ne5 Qc8 12. Bf4 Bxg2 13. Kxg2 Qb7+ 14. Qf3 Qxf3+
15. Kxf3 Nb8 16. Nb5 Nd5 17. Nxd6 cxd6 18. Nc4 Nxf4 19. Kxf4 Rd8 20. Kg5 d5 21.
Ne3 Nd7 22. Kf4 Rac8 23. c3 Rc6 24. a4 a5 25. Kf3 Kf8 26. Ke2 Nf6 27. f3 Ne8 28.
Kd3 Nd6 29. b3 f6 30. g4 Rdc8 31. Rdc1 Nb7 32. Ra2 Ke7 33. Re2 Kf7 34. h4 h6 35.
g5 hxg5 36. hxg5 Rh8 37. gxf6 gxf6 38. Rg2 Nd6 39. Rcg1 Rh7 40. c4 dxc4+ 41. bxc4
Ne8 42. Rb1 Rh3 43. Rgb2 Rxf3 44. Rxb6 Rxb6 45. Rxb6 Ke7 46. Ke4 1/2-1/2

[Event "Druzynowe Mistrzostw Polski Juniorow - II Liga"]
[Site "Wroclaw"]
[Date "1899-12-30"]
[Round "11.52"]
[White "Pawlowski, Kamil"]
[Black "Stachowiak, Bruno"]
[Result "0-1"]
[WhiteTitle "II"]
[BlackTitle "II"]
[WhiteElo "1257"]
[BlackElo "1462"]

1. d4 d6 2. c4 e5 3. dxe5 dxe5 4. Qxd8+ Kxd8 5. Nf3 f6 6. Nc3 c6 7. Bd2 Be6 8.
e4 Nd7 9. O-O-O Ne7 10. Be3 Kc7 11. Nd2 Nc8 12. f4 a5 13. f5 Bf7 14. a3 a4 15.
Be2 Bc5 16. Nf1 Nd6 17. Kc2 b6 18. Bxc5 Nxc5 19. Nd2 Rhd8 20. g4 Rd7 21. h4 h6
22. h5 Rb8 23. Rh3 Bg8 24. Rg3 Rbd8 25. Rgg1 Kb7 26. Rh1 Kc8 27. Rhg1 Rb7 28.
Rg3 b5 29. cxb5 cxb5 30. Rc1 Nb3 31. Nxb3 Bxb3+ 32. Kb1 Rc7 33. Rgg1 Kb8 34. Bd1
Bc4 35. Bc2 Nb7 36. Rgd1 Rcd7 37. Na2 Rxd1 38. Rxd1 Rxd1+ 39. Bxd1 Bd3+ 40. Bc2
Be2 41. Nc3 Bxg4 42. Bd1 Bxd1 43. Nxd1 Nd6 44. Nf2 Kc7 45. Kc2 Kc6 46. Kc3 Nf7
47. Nh1 Ng5 48. Ng3 Kc5 49. Kd3 Nh3 50. Kc3 Nf4 51. b4+ axb3 52. Kxb3 Nh3 53.
Ne2 Ng5 54. Nc3 Nf3 55. Ne2 Nd2+ 56. Kc3 Nxe4+ 57. Kd3 Nd6 58. Ng3 e4+ 59. Kc3
e3 60. Kd3 e2 61. Kxe2 Nc4 62. Ne4+ Kd4 63. Kf3 Ke5 64. Nc3 Nxa3 65. Kg4 b4 66.
Nd1 Nc4 67. Nf2 b3 68. Nd3+ Kd4 69. Nf4 b2 70. Ne6+ Ke5 71. Nxg7 b1=Q 0-1

[Event "Druzynowe Mistrzostw Polski Juniorow - II Liga"]
[Site "Wroclaw"]
[Date "1899-12-30"]
[Round "11.53"]
[White "Niemier, Martyna"]
[Black "Gornisiewicz, Natalia"]
[Result "1/2-1/2"]
[WhiteTitle "II+"]
[BlackTitle "I++"]
[WhiteElo "1305"]
[BlackElo "1425"]

1. d4 c5 2. d5 Nf6 3. c4 g6 4. Nc3 Bg7 5. e4 d6 6. f4 Nbd7 7. Nf3 O-O 8. Be2 a6
9. O-O Rb8 10. h3 Ne8 11. g4 e5 12. f5 f6 13. fxg6 hxg6 14. Nh4 Kh7 15. Qe1 Rh8
16. Qg3 g5 17. Nf5 Nf8 18. Nd1 Ng6 19. Nde3 Nf4 20. Kf2 Kg8 21. Rh1 b5 22. h4
bxc4 23. Nxc4 Rb4 24. Bxf4 exf4 25. Qf3 Bxf5 26. gxf5 Nc7 27. hxg5 fxg5 28. Rxh8+
Bxh8 29. Rb1 Qf6 30. b3 Nb5 31. Rh1 Qf7 32. Qh3 Bd4+ 33. Kf3 Bf6 34. Qh5 1/2-1/2

[Event "Druzynowe Mistrzostw Polski Juniorow - II Liga"]
[Site "Wroclaw"]
[Date "1899-12-30"]
[Round "11.54"]
[White "Gornisiewicz, Gabriela"]
[Black "Pniewska, Beata"]
[Result "0-1"]
[WhiteTitle "II+"]
[BlackTitle "I"]
[WhiteElo "1217"]
[BlackElo "1361"]

1. e4 e5 2. Nc3 Bc5 3. g3 d6 4. Bg2 Nc6 5. Nge2 Be6 6. d3 Qd7 7. h4 h5 8. f4 Bg4
9. f5 Nd4 10. Bd2 Bb4 11. Qc1 Ne7 12. Nxd4 exd4 13. Ne2 Bxe2 14. Bxb4 Bg4 15.
Bh3 Qb5 16. Qd2 Qe5 17. Qf2 Nd5 18. Bd2 Bxh3 19. Rxh3 Nf6 20. Bf4 Qa5+ 21. Qd2
Qb6 22. O-O-O Nd7 23. Qe2 O-O-O 24. Kb1 Nc5 25. b3 a5 26. Bc1 a4 27. Bb2 axb3
28. cxb3 Na6 29. Qf2 c5 30. Rc1 Kb8 31. Rh2 Nb4 32. Rd1 Qa6 33. Ba1 Nxd3 34. Qe2
Nb4 35. Qxa6 Nxa6 36. Rf2 Rde8 37. Rf4 Re5 38. Re1 Nb4 39. Re2 Rhe8 40. f6 g6
41. g4 Nd5 42. Rff2 hxg4 43. Kc2 Rxe4 44. Rxe4 Rxe4 45. Kd3 g3 46. Rg2 Re3+ 47.
Kd2 Nf4 48. Rg1 g2 0-1

[Event "Druzynowe Mistrzostw Polski Juniorow - II Liga"]
[Site "Wroclaw"]
[Date "1899-12-30"]
[Round "11.55"]
[White "Borowik, Wojciech"]
[Black "Borkowski, Stanislaw"]
[Result "1/2-1/2"]
[WhiteTitle "I++"]
[BlackTitle "I"]
[WhiteElo "1746"]
[BlackElo "1734"]

1. d4 Nf6 2. c4 g6 3. Nf3 Bg7 4. g3 O-O 5. Bg2 d6 6. O-O Nc6 7. Nc3 e5 8. d5 Nb8
9. e4 a5 10. Ne1 Nfd7 11. Nd3 Na6 12. Rb1 Ndc5 13. b3 f5 14. Nxc5 Nxc5 15. Bb2
f4 16. a3 Qg5 17. b4 Na6 18. Bc1 Bg4 19. Qc2 Qh5 20. Re1 axb4 21. axb4 Rf7 22.
Nb5 Raf8 23. Rb2 Bh3 24. Qd1 Bg4 25. Qc2 Bh3 26. Qd1 Bg4 27. Qc2 1/2-1/2

[Event "Druzynowe Mistrzostw Polski Juniorow - II Liga"]
[Site "Wroclaw"]
[Date "1899-12-30"]
[Round "11.56"]
[White "Lewandowski, Witold"]
[Black "Borowik, Karol"]
[Result "1/2-1/2"]
[WhiteTitle "I"]
[BlackTitle "II"]
[WhiteElo "1547"]
[BlackElo "1412"]

1. e4 c5 2. c3 d5 3. exd5 Qxd5 4. d4 Nc6 5. Nf3 Bf5 6. dxc5 Qxc5 7. Be3 Qd6 8.
Qxd6 exd6 9. Na3 Nf6 10. Nb5 Nd5 11. Bd2 O-O-O 12. O-O-O a6 13. Nbd4 Nxd4 14.
Nxd4 Bg6 15. Bc4 Nb6 16. Bb3 d5 17. Bf4 Nc4 18. Rhe1 Bd6 19. Bxd6 Rxd6 20. Re7
Rhd8 21. Bc2 R6d7 22. Rxd7 Kxd7 23. Bxg6 hxg6 24. Re1 Re8 25. Rxe8 Kxe8 26. b3
Nd6 27. f3 Ke7 28. Kd2 Kd7 29. Kd3 b5 30. Nc2 a5 31. Ne3 Kc6 32. Kd4 b4 33. c4
dxc4 34. Nxc4 Nb5+ 35. Kd3 1/2-1/2

[Event "Druzynowe Mistrzostw Polski Juniorow - II Liga"]
[Site "Wroclaw"]
[Date "1899-12-30"]
[Round "11.57"]
[White "Bartnik, Michal"]
[Black "Stanislawski, Karol"]
[Result "1/2-1/2"]
[WhiteTitle "II+"]
[BlackTitle "I"]
[WhiteElo "1591"]
[BlackElo "1678"]

1. d4 Nf6 2. c4 g6 3. g3 Bg7 4. Bg2 O-O 5. Nf3 d6 6. Nc3 Nc6 7. e4 e5 8. d5 Ne7
9. O-O Nd7 10. Ne1 f5 11. Nd3 Nf6 12. f4 exf4 13. Nxf4 Bd7 14. Kh1 Qc8 15. Bd2
fxe4 16. Nxe4 Nxe4 17. Bxe4 Bxb2 18. Rb1 Bg7 19. Qb3 b6 20. Bc3 Nf5 21. Bxg7 Nxg7
22. Ne6 Bxe6 23. dxe6 Rxf1+ 24. Rxf1 c6 25. Qf3 Qf8 26. Qf7+ Qxf7 27. exf7+ Kf8
28. Bxc6 Rc8 29. Bd5 Rc7 30. g4 Re7 31. Rf6 Rd7 32. Kg2 Rd8 33. Kg3 Ke7 34. Rf2
Rf8 35. Kh4 h6 36. Kg3 h5 37. h3 Rh8 38. Kg2 Rf8 39. Re2+ Kf6 40. Kg3 Rh8 41.
Rf2+ Ke7 42. Kf4 Kf6 43. Ke3+ Ke7 44. Kd2 Rf8 45. Kc3 a6 46. Kb4 Rb8 47. a4 hxg4
48. hxg4 Rh8 49. a5 bxa5+ 50. Kxa5 Rf8 51. Kxa6 Rb8 52. Ka7 Rh8 53. Kb7 Rf8 54.
Ka6 Rb8 55. Ka5 Rh8 56. Kb4 g5 57. Kc3 Kf8 58. Rb2 Ke7 59. Rb7+ Kf6 60. Kd4 Ne6+
61. Bxe6 Kxe6 62. Ke4 Rc8 63. Kd4 Rf8 64. Ke4 Rc8 65. Kd4 Rf8 66. Rb5 Rxf7 67.
Rxg5 Rf4+ 68. Kc3 Rf1 69. Rg8 Rc1+ 70. Kb3 Rb1+ 71. Kc2 Rg1 72. g5 Kf7 73. Rd8
Ke7 74. Rg8 Kf7 1/2-1/2

[Event "Druzynowe Mistrzostw Polski Juniorow - II Liga"]
[Site "Wroclaw"]
[Date "1899-12-30"]
[Round "11.58"]
[White "Gorecki, Michal"]
[Black "Wawrukiewicz, Szymon"]
[Result "1/2-1/2"]
[WhiteTitle "II"]
[BlackTitle "II"]
[WhiteElo "1311"]
[BlackElo "1307"]

1. e4 e5 2. Nf3 Nc6 3. Bb5 a6 4. Ba4 Nf6 5. O-O Be7 6. Re1 b5 7. Bb3 O-O 8. c3
d6 9. h3 Na5 10. Bc2 c5 11. d4 cxd4 12. cxd4 Nc6 13. a3 Qc7 14. d5 Na5 15. b4
Nc4 16. Nbd2 Nxd2 17. Bxd2 Nd7 18. Rc1 Nb6 19. Bb3 Qb7 20. Be3 Bd7 21. Qd3 Rac8
22. Nd2 f5 23. Rc6 Na8 24. f3 Kh8 25. Rxc8 Qxc8 26. Nf1 f4 27. Bf2 Qe8 28. Nh2
h5 29. Rc1 g5 30. Bd1 Bd8 31. Qd2 Nb6 32. Be2 Nc8 33. Qe1 Rg8 34. Rc3 Rg7 35.
Bf1 Rh7 36. Be2 Qg6 37. Qc1 Ne7 38. Qc2 Ng8 39. Bd1 Nf6 40. Qe2 Qh6 41. Kf1 Qg6
42. Ke1 1/2-1/2

[Event "Druzynowe Mistrzostw Polski Juniorow - II Liga"]
[Site "Wroclaw"]
[Date "1899-12-30"]
[Round "11.59"]
[White "Gladyszewska, Kinga"]
[Black "Oszutowska, Anna"]
[Result "1-0"]
[WhiteTitle "I"]
[BlackTitle "I"]
[WhiteElo "1225"]
[BlackElo "1248"]

1. e4 c5 2. Nf3 e6 3. d4 cxd4 4. Nxd4 Nc6 5. Nc3 Qc7 6. a3 a6 7. Be3 Nf6 8. Be2
Be7 9. f4 e5 10. Nxc6 bxc6 11. Qc1 d5 12. exd5 cxd5 13. fxe5 Qxe5 14. Bf4 Qe6
15. O-O Ne4 16. Nxe4 dxe4 17. b4 Qg6 18. c4 h5 19. Kh1 Qe6 20. b5 Bf6 21. Rb1
axb5 22. cxb5 Be7 23. Bc4 Bxa3 24. Bxe6 Bxc1 25. Rfxc1 Bxe6 26. b6 Bd5 27. b7
Bxb7 28. Rxb7 O-O 29. h3 Rac8 30. Ra1 Ra8 31. Rf1 f6 32. Rb5 g5 33. Bxg5 fxg5
34. Rxg5+ Kh7 35. Rxh5+ Kg6 36. Rxf8 Rxf8 37. Re5 Rf1+ 38. Kh2 Re1 39. Kg3 Kf6
40. Kf2 Kxe5 41. Kxe1 Kf4 42. Kf2 e3+ 43. Ke2 Kg3 44. Kxe3 1-0

[Event "Druzynowe Mistrzostw Polski Juniorow - II Liga"]
[Site "Wroclaw"]
[Date "1899-12-30"]
[Round "11.60"]
[White "Lukasik, Aleksandra"]
[Black "Borowik, Monika"]
[Result "0-1"]
[WhiteTitle "II+"]
[BlackTitle "I"]
[WhiteElo "1127"]
[BlackElo "1380"]

1. e4 c5 2. Nf3 g6 3. d4 cxd4 4. Qxd4 Nf6 5. Nc3 Nc6 6. Qa4 d6 7. e5 dxe5 8. Nxe5
Bd7 9. Nxd7 Qxd7 10. Be3 a6 11. Rd1 Qc8 12. Be2 Bg7 13. O-O b5 14. Qh4 O-O 15.
Bf3 Rb8 16. Bf4 Rb7 17. b3 Rd7 18. Ne2 Rfd8 19. Rxd7 Rxd7 20. Bxc6 Qxc6 21. Rc1
Qxc2 22. Ng3 Rd1+ 23. Rxd1 Qxd1+ 24. Nf1 Qc2 25. Qh3 Qc6 26. Qe3 Nd5 27. Qe4 Qc5
28. Be3 Nxe3 29. Nxe3 Qc1+ 30. Nf1 Bf8 31. a4 Qc5 32. Qb7 bxa4 33. bxa4 Qc4 34.
a5 e6 35. Ne3 Qe2 36. g3 Qe1+ 37. Kg2 Qxa5 38. Qc8 Qb5 39. Qc3 Qb4 40. Qf6 Be7
41. Qe5 a5 42. h3 a4 43. Ng4 Bd6 44. Nh6+ Kf8 45. Qh8+ Ke7 46. Ng8+ Kd7 47. Nf6+
Kc7 48. Ne8+ Kc6 49. Nxd6 Qxd6 50. Qa8+ Kb6 51. Qxa4 Qc6+ 52. Qxc6+ Kxc6 53. Kf3
Kd5 54. Ke3 f5 55. f3 e5 56. h4 h5 57. Kd3 e4+ 58. fxe4+ fxe4+ 59. Ke3 Ke5 60.
Ke2 Kd4 61. Kd2 e3+ 62. Ke2 Ke4 63. Kf1 Kf3 64. Ke1 e2 65. g4 hxg4 66. h5 gxh5
67. Kd2 Kf2 68. Kd3 e1=Q 69. Kc4 Qd2 70. Kb5 g3 71. Ka4 g2 72. Ka3 g1=R 73. Ka4
Rb1 74. Ka3 Qc3+ 75. Ka4 Qa1# 0-1

[Event "Druzynowe Mistrzostw Polski Juniorow - II Liga"]
[Site "Wroclaw"]
[Date "1899-12-30"]
[Round "11.61"]
[White "Lichorad, Mateusz"]
[Black "Rog, Bartlomiej"]
[Result "0-1"]
[WhiteTitle "I+"]
[BlackTitle "k"]
[WhiteElo "1983"]
[BlackElo "2091"]

1. d4 Nf6 2. Nf3 c5 3. c4 cxd4 4. Nxd4 e5 5. Nb5 d5 6. cxd5 Bc5 7. e3 O-O 8. Be2
Nxd5 9. a3 a6 10. N5c3 Nf6 11. Qxd8 Rxd8 12. b4 Ba7 13. Bb2 Bf5 14. Nd2 Nc6 15.
Nf1 Ne4 16. Ng3 Nxg3 17. hxg3 e4 18. g4 Bg6 19. Rd1 Ne5 20. Nd5 Nd3+ 21. Bxd3
Rxd5 22. Bc4 Rg5 23. Rd7 Rxg4 24. Rxb7 Rxg2 25. Ke2 Bb8 26. Bd4 Bg3 27. Rf1 Rc8
28. Bc5 Bh5+ 29. Kd2 Bxf2 30. Kc3 Bxe3 31. Bxe3 Be2 32. Bc5 Rg3+ 33. Kd4 Rd8+
34. Kxe4 Bxc4 35. Rd1 f5+ 36. Kf4 Rxd1 37. Kxg3 g5 38. Be7 Rd3+ 39. Kf2 g4 40.
Rc7 g3+ 0-1

[Event "Druzynowe Mistrzostw Polski Juniorow - II Liga"]
[Site "Wroclaw"]
[Date "1899-12-30"]
[Round "11.62"]
[White "Czechowski, Jakub"]
[Black "Mosny, Kamil"]
[Result "1/2-1/2"]
[WhiteTitle "I++"]
[BlackTitle "I"]
[WhiteElo "2003"]
[BlackElo "1730"]

1. e4 c5 2. Nf3 d6 3. d4 cxd4 4. Nxd4 Nf6 5. Nc3 a6 6. Rg1 b5 7. a4 bxa4 8. Bc4
e6 9. Rxa4 Bb7 10. Bg5 Nbd7 11. Bxe6 fxe6 12. Nxe6 Qb6 13. Nd5 Bxd5 14. exd5 Kf7
15. Qe2 Qxb2 16. Nd8+ Rxd8 17. Qe6+ Kg6 18. Rg4 Qe5+ 19. Be3+ Kh5 20. Rh4+ Kg6
21. Rg4+ Kh5 22. Rh4+ Kg6 23. Rg4+ 1/2-1/2

[Event "Druzynowe Mistrzostw Polski Juniorow - II Liga"]
[Site "Wroclaw"]
[Date "1899-12-30"]
[Round "11.63"]
[White "Smolinski, Wojciech"]
[Black "Ziobrowski, Wojciech"]
[Result "1-0"]
[WhiteTitle "II"]
[BlackTitle "II"]
[WhiteElo "1278"]
[BlackElo "1145"]

1. e4 c5 2. Nf3 d6 3. d4 cxd4 4. Nxd4 Nf6 5. Nc3 a6 6. Be2 e5 7. Nb3 Be6 8. O-O
Nbd7 9. f4 Qb6+ 10. Kh1 exf4 11. Bxf4 Be7 12. Nd5 Bxd5 13. exd5 O-O 14. Re1 Rac8
15. Bxa6 bxa6 16. Rxe7 Rc4 17. Bg3 Nc5 18. Bf2 Rd8 19. Qe2 Qb4 20. c3 Qa4 21.
Nxc5 Rxc5 22. Bxc5 dxc5 23. Re1 Kf8 24. Qe5 Nxd5 25. Ra7 Qc6 26. c4 f6 27. cxd5
fxe5 28. dxc6 1-0

[Event "Druzynowe Mistrzostw Polski Juniorow - II Liga"]
[Site "Wroclaw"]
[Date "1899-12-30"]
[Round "11.64"]
[White "Kowalski, Aleksander"]
[Black "Fronczek, Michal"]
[Result "1-0"]
[WhiteTitle "II"]
[BlackTitle "III"]
[WhiteElo "1073"]
[BlackElo "1092"]

1. e4 e5 2. Nf3 Nc6 3. Bb5 a6 4. Ba4 Nf6 5. O-O Be7 6. Re1 b5 7. Bb3 d6 8. h3 O-O
9. c3 Nb8 10. d4 Nbd7 11. Nbd2 Bb7 12. Bc2 Re8 13. Nf1 Bf8 14. Ng3 g6 15. Bd2
Bg7 16. Qc1 Rb8 17. Nh2 d5 18. dxe5 Nxe5 19. f4 Nc4 20. e5 Nd7 21. Bd3 Nxd2 22.
Qxd2 Bh6 23. Ng4 Bg7 24. Re2 Bc8 25. Rae1 Nf8 26. f5 gxf5 27. Bxf5 Ng6 28. Bxc8
Qxc8 29. Nh5 Bf8 30. Nhf6+ Kh8 31. Nxe8 Qxe8 32. Qxd5 Nf4 33. Qe4 Nxe2+ 34. Rxe2
Bg7 35. Nf6 Bxf6 36. exf6 Qxe4 37. Rxe4 h6 38. Re7 Kg8 39. Rxc7 Rb6 40. Rd7 Rxf6
41. Rd3 Kg7 42. Rf3 Rd6 43. Rf2 Kg6 44. Kf1 f5 45. Ke2 Kg5 46. g3 Rd5 47. Ke3
h5 48. Rf4 Rd1 49. h4+ Kf6 50. Rf2 Rg1 51. Kf4 Re1 52. Kf3 Ra1 53. a3 Re1 54.
Rd2 Re6 55. Rd8 Kg6 56. Rg8+ Kf6 57. Rg5 Re1 58. Rxh5 Kg6 59. Rg5+ Kf6 60. g4
fxg4+ 61. Rxg4 Kf5 62. Rg2 Rh1 63. Kg3 Re1 64. Rh2 Kg6 65. h5+ Kh6 66. Kg4 Rg1+
67. Kf5 Rf1+ 68. Ke4 Rd1 69. Ke3 Rd5 70. Ke4 Rd1 71. Ke3 Rd6 72. Rd2 Re6+ 73.
Kd3 Kxh5 74. Rf2 Kg5 75. Kc2 Re4 76. Kb3 Rc4 77. Rd2 Kf5 78. Rd6 Ra4 79. Rd4 Ra5
80. Kb4 Ra4+ 81. Kc5 1-0

[Event "Druzynowe Mistrzostw Polski Juniorow - II Liga"]
[Site "Wroclaw"]
[Date "1899-12-30"]
[Round "11.65"]
[White "Trybus, Dominika"]
[Black "Pietryk, Joanna"]
[Result "1-0"]
[WhiteTitle "I++"]
[BlackTitle "I"]
[WhiteElo "1532"]
[BlackElo "1417"]

1. e4 c5 2. c3 d5 3. exd5 Qxd5 4. d4 Nf6 5. Nf3 e6 6. Be3 cxd4 7. cxd4 Bb4+ 8.
Nc3 Ne4 9. Qc2 Qa5 10. Rc1 Nxc3 11. bxc3 Bd6 12. Rb1 O-O 13. Bd3 h6 14. O-O Qc7
15. Qd2 f5 16. Qb2 Nd7 17. Qb3 Nf6 18. Bc4 Re8 19. Rfe1 Ne4 20. h3 Kh8 21. Nd2
Nxc3 22. Qxc3 f4 23. Qd3 fxe3 24. Rxe3 Bf4 25. Qg6 Bd7 26. Bd3 Kg8 27. Qh7+ Kf8
28. Rf3 Ke7 29. Qxg7+ Kd8 30. Qf6+ Kc8 31. Qxf4 Qa5 32. Be4 Bc6 33. Nc4 1-0

[Event "Druzynowe Mistrzostw Polski Juniorow - II Liga"]
[Site "Wroclaw"]
[Date "1899-12-30"]
[Round "11.66"]
[White "Mataczyna, Aleksandra"]
[Black "Zylak, Emilia"]
[Result "1-0"]
[WhiteTitle "II+"]
[BlackTitle "III"]
[WhiteElo "1117"]
[BlackElo "1000"]

1. e4 e5 2. Nf3 Nc6 3. Bb5 a6 4. Ba4 Bc5 5. c3 b5 6. Bb3 d6 7. d3 h6 8. Nbd2 Nf6
9. O-O O-O 10. Re1 Bb7 11. Nf1 Re8 12. Be3 Ba7 13. Ng3 Ne7 14. Nh4 Bc8 15. h3
Be6 16. Qf3 Rf8 17. Bxh6 Bxb3 18. axb3 Ng6 19. Nxg6 fxg6 20. Be3 Bxe3 21. Qxe3
c5 22. c4 b4 23. Ne2 Nh5 24. Rf1 g5 25. Ng3 Nf4 26. Ne2 Ne6 27. Qg3 Qe7 28. Qg4
Qf6 29. Ng3 Nd4 30. Qd1 Ra7 31. Ne2 Ne6 32. Qd2 Qd8 33. Rae1 a5 34. Ng3 Nd4 35.
Qd1 g6 36. Re3 Qd7 37. Ne2 Ne6 38. Rg3 Kg7 39. Kh2 a4 40. bxa4 Rxa4 41. Ng1 Ra2
42. Qb3 Rfa8 43. Nf3 Qe7 44. Qc2 Qf6 45. Qd2 Kh6 46. h4 Kg7 47. Nxg5 Nf4 48. Rf3
Rf8 49. g3 b3 50. gxf4 exf4 51. Kg2 Rxb2 52. Qxf4 Qxf4 53. Rxf4 Rh8 54. Ne6+ Kh6
55. Rg4 Kh5 56. Rg5+ Kh6 57. Nf4 Rg8 58. Kh3 Ra2 59. Rb1 b2 60. Ne2 Rb8 61. Nc3
Ra1 62. Rgg1 Rxb1 1-0

[Event "Druzynowe Mistrzostw Polski Juniorow - II Liga"]
[Site "Wroclaw"]
[Date "1899-12-30"]
[Round "11.68"]
[White "Uhryn, Mateusz"]
[Black "Kraczek, Cezary"]
[Result "1/2-1/2"]
[WhiteTitle "I"]
[BlackTitle "I"]
[WhiteElo "1482"]
[BlackElo "1657"]

1. c4 e5 2. Nc3 Nc6 3. Nf3 g6 4. d3 d6 5. g3 Bg7 6. Bg2 f5 7. O-O Nge7 8. Rb1 a5
9. Bd2 O-O 10. a3 f4 11. b4 axb4 12. axb4 Nf5 13. b5 Nce7 14. Qb3 Kh8 15. Ra1
Bd7 16. Ne4 h6 17. Bc3 Rxa1 18. Rxa1 g5 19. Nfd2 Qc8 20. b6 Bc6 21. bxc7 Qxc7
22. Qb2 Nd4 23. Nb3 Nxb3 24. Qxb3 d5 25. cxd5 Nxd5 26. Ba5 Qf7 27. Nd6 Qf6 28.
Bxd5 Qxd6 29. Bxc6 Qxc6 30. Rb1 fxg3 31. hxg3 e4 32. Qxb7 Qc2 33. dxe4 Qxe2 34.
Bb6 Qd3 35. Be3 Re8 36. Rb4 Qd1+ 37. Kg2 Rf8 38. Qe7 Qf3+ 39. Kg1 Qd1+ 40. Kg2
Qf3+ 41. Kg1 Qd1+ 42. Kg2 Qh5 43. Rb7 Qf3+ 1/2-1/2

[Event "Druzynowe Mistrzostw Polski Juniorow - II Liga"]
[Site "Wroclaw"]
[Date "1899-12-30"]
[Round "11.69"]
[White "Rosc, Ignacy"]
[Black "Nagly, Krzysztof"]
[Result "0-1"]
[WhiteTitle "II+"]
[BlackTitle "II"]
[WhiteElo "1527"]
[BlackElo "1265"]

1. d4 d5 2. Bf4 Nf6 3. Nf3 c5 4. e3 Nc6 5. c3 Qb6 6. Qb3 c4 7. Qc2 Bf5 8. Qc1 e6
9. Nbd2 Be7 10. Be2 O-O 11. O-O Rfc8 12. Re1 Qd8 13. Bd1 b5 14. Bc2 a5 15. e4
Bg6 16. e5 Nd7 17. Bxg6 hxg6 18. Nf1 b4 19. Bg5 a4 20. Qf4 a3 21. bxa3 bxc3 22.
Qh4 Nf8 23. Re3 f6 24. exf6 Bxf6 25. Bxf6 Qxf6 26. Qxf6 gxf6 27. Rxc3 Ra4 28.
Ne3 Rca8 29. Nc2 e5 30. Rd1 R8a5 31. Re3 e4 32. Nd2 f5 33. Nb1 Ra8 34. Nc3 R4a5
35. Nb4 Ne7 36. a4 Nd7 37. Rb1 Kf7 38. Nc2 R5a6 39. Rb7 Nf6 40. Nb4 R6a7 41. Rb5
Rd7 42. Re1 f4 43. a5 Nf5 44. Nc6 Nd6 45. Ne5+ Kg7 46. Rb6 Rdd8 47. a6 Nc8 48.
Rb7+ Kg8 49. Nxg6 Rxa6 50. Nxf4 Ra3 51. Re3 Rd7 52. Rxd7 Nxd7 53. Nfxd5 Ncb6 54.
Nxb6 Nxb6 55. h3 Kf7 56. Nxe4 Rxa2 57. Rc3 Ke6 58. Re3 Ra1+ 59. Kh2 Kd5 60. Kg3
Kxd4 61. Nc3 Nd5 62. Nxd5 Kxd5 63. f4 Kd4 64. Re8 c3 65. f5 c2 66. Rc8 c1=Q 67.
Rxc1 Rxc1 68. Kg4 Rc8 69. Kh5 Rg8 70. g4 Ke5 71. Kh6 Kf6 72. Kh7 Rg5 73. Kh6 Rg7
74. g5+ Rxg5 75. h4 Rxf5 76. h5 Kf7 77. Kh7 Rxh5# 0-1

[Event "Druzynowe Mistrzostw Polski Juniorow - II Liga"]
[Site "Wroclaw"]
[Date "1899-12-30"]
[Round "11.70"]
[White "Krawczyk, Eryk"]
[Black "Bauer, Maja"]
[Result "1-0"]
[WhiteTitle "II"]
[BlackTitle "I"]
[WhiteElo "1239"]
[BlackElo "1372"]

1. d4 d5 2. c4 e6 3. Nc3 Nf6 4. Bg5 Be7 5. Nf3 O-O 6. e3 b6 7. cxd5 exd5 8. Be2
Bb7 9. O-O Nbd7 10. Ne5 c5 11. Bf3 Ne4 12. Nxe4 dxe4 13. Bxe7 Qxe7 14. Nxd7 Qxd7
15. dxc5 Qb5 16. Be2 Qxb2 17. Rb1 Qxa2 18. cxb6 Rfd8 19. Qe1 axb6 20. Rxb6 Bc8
21. f3 Rd2 22. Rf2 h6 23. Bc4 Rxf2 24. Bxa2 Rfxa2 25. fxe4 Ra1 26. Rb1 R1a2 27.
Qc3 Be6 28. h3 Rc8 29. Qd3 Rcc2 30. Qf1 Bc4 31. Qf3 Be6 32. h4 g6 33. Kh1 Rf2
34. Qg3 Kg7 35. Qe5+ Kf8 36. Rb7 Rfc2 37. Qh8# 1-0

[Event "Druzynowe Mistrzostw Polski Juniorow - II Liga"]
[Site "Wroclaw"]
[Date "1899-12-30"]
[Round "11.71"]
[White "Fic, Joanna"]
[Black "Klintsevich, Aliaksandra"]
[Result "0-1"]
[WhiteTitle "II+"]
[BlackTitle "I"]
[WhiteElo "1057"]
[BlackElo "1428"]

1. e4 c5 2. Nf3 Nc6 3. d4 cxd4 4. Nxd4 g6 5. Nc3 Bg7 6. Be3 Nf6 7. f3 O-O 8. Nb3
a6 9. Qd2 d6 10. g4 b5 11. O-O-O Be6 12. g5 Nh5 13. f4 Rc8 14. Kb1 Na5 15. Bd4
Nc4 16. Qf2 f6 17. gxf6 Bxf6 18. Bxf6 Rxf6 19. Ne2 Qf8 20. Nbd4 Bg4 21. b3 Na3+
22. Kb2 b4 23. f5 e5 24. Nf3 Rxc2+ 25. Ka1 gxf5 26. h3 Bxf3 27. Qxf3 Ng7 28. exf5
Nxf5 29. Qd5+ Kh8 30. Rg1 Ne3 31. Qd3 Nxd1 32. Qxd1 d5 33. Ng3 Qc8 34. Bd3 Qc3#
0-1